| 000 -LEADER | |
|---|---|
| fixed length control field | 00417nam a22001697a 4500 |
| 005 - DATE AND TIME OF LATEST TRANSACTION | |
| control field | 20180517151240.0 |
| 008 - FIXED-LENGTH DATA ELEMENTS--GENERAL INFORMATION | |
| fixed length control field | 160520b xxu||||| |||| 00| 0 eng d |
| 020 ## - INTERNATIONAL STANDARD BOOK NUMBER | |
| ISBN | 81-219-0520-9 |
| 041 ## - LANGUAGE CODE | |
| Language code of text/sound track or separate title | eng |
| 082 ## - DEWEY DECIMAL CLASSIFICATION NUMBER | |
| Item number | 3421 |
| Classification number | 510.2462 |
| 100 ## - MAIN ENTRY--AUTHOR NAME | |
| Personal name | Dass H.K. |
| 245 ## - TITLE STATEMENT | |
| Title | Engineering Mathematics |
| 260 ## - PUBLICATION, DISTRIBUTION, ETC. (IMPRINT) | |
| Place of publication | New Delhi |
| Name of publisher | Sultan Chand & Sons. |
| 300 ## - PHYSICAL DESCRIPTION | |
| Number of Pages | 1062 |
| 650 ## - SUBJECT ADDED ENTRY--TOPICAL TERM | |
| Topical Term | DIPLOMA ENGINEERING |
| 942 ## - ADDED ENTRY ELEMENTS (KOHA) | |
| Koha item type | Books |
| Lost status | Damaged status | Home library | Shelving location | Date acquired | Cost, normal purchase price | Full call number | Accession Number | Koha item type | Collection code | Current library |
|---|---|---|---|---|---|---|---|---|---|---|
| JRU Library | Shelf - 10 - K | 20/05/2016 | 495.00 | 510.2462 | 3421 | Books | ||||
| JRU Library | SHELF-57-H | 20/05/2016 | 495.00 | 510.2462 | 3422 | Books | CS/IT | JRU Library | ||
| JRU Library | Shelf - 10 - K | 20/05/2016 | 495.00 | 510.2462 | 3423 | Books |